000
00403nam a2200133Ia 4500
008
151001s9999||||xx |||||||||||||| ||und||
100
_a
अरुणकुमार मुखेडकर
245
_a
फौजदारी वाद प्रतिवाद
250
_a
1
260
_b
शिवांश पब्लिकेशन
260
_c
2003
300
_a
520
365
_b
21
999
_c
985645
_d
985642